Manuscritos de América / (Registro nro. 1409)
[ vista simple ]
| 000 -CABECERA | |
|---|---|
| campo de control de longitud fija | 00799nam a2200229u 4500 |
| 001 - NÚMERO DE CONTROL | |
| campo de control | 000001504 |
| 005 - FECHA Y HORA DE LA ÚLTIMA TRANSACCIÓN | |
| campo de control | 20200929145612.0 |
| 008 - DATOS DE LONGITUD FIJA--INFORMACIÓN GENERAL | |
| campo de control de longitud fija | 831117s1935 sp bc 001 0 spa d |
| 040 ## - FUENTE DE LA CATALOGACIÓN | |
| Centro catalogador/agencia de origen | DO-SdBNP |
| Centro/agencia transcriptor | CarP |
| Centro/agencia modificador | DLC |
| -- | BNPHU |
| 043 ## - CÓDIGO DE ÁREA GEOGRÁFICA | |
| Código de área geográfica | e-sp |
| 082 ## - NÚMERO DE LA CLASIFICACIÓN DECIMAL DEWEY | |
| Número de clasificación | nnnn |
| Número de documento/Ítem | M294a |
| 049 ## - FONDOS LOCALES (OCLC) | |
| Fondos de biblioteca | BNGR |
| 100 1# - ENTRADA PRINCIPAL--NOMBRE DE PERSONA | |
| Nombre de persona | Domínguez Bordona, Jesús, |
| 9 (RLIN) | 4969 |
| 245 10 - MENCIÓN DE TÍTULO | |
| Título | Manuscritos de América / |
| Mención de responsabilidad, etc. | Jesús Domínguez Bordona. |
| 260 ## - PUBLICACIÓN, DISTRIBUCIÓN, ETC. | |
| Lugar de publicación, distribución, etc. | Madrid : |
| Nombre del editor, distribuidor, etc. | Talleres de Blass, |
| Fecha de publicación, distribución, etc. | 1935. |
| 300 ## - DESCRIPCIÓN FÍSICA | |
| Extensión | viii, 250, [1] p. ; |
| Dimensiones | 27cm. |
| 490 1# - MENCIÓN DE SERIE | |
| Mención de serie | Catálogo de la Biblioteca de Palacio |
| Designación de volumen o secuencia | 9 |
| 650 #0 - PUNTO DE ACCESO ADICIONAL DE MATERIA--TÉRMINO DE MATERIA | |
| Término de materia o nombre geográfico como elemento de entrada | Manuscripts |
| Subdivisión geográfica | Spain |
| Subdivisión general | Catalogs. [from old catalog] |
| 9 (RLIN) | 4970 |
| 651 #0 - PUNTO DE ACCESO ADICIONAL DE MATERIA--NOMBRE GEOGRÁFICO | |
| Nombre geográfico | America |
| Subdivisión general | History |
| -- | Sources |
| -- | Bibliography. [From Old Catalog] |
| 9 (RLIN) | 4971 |
| 830 #0 - PUNTO DE ACCESO ADICIONAL DE SERIE-TÍTULO UNIFORME | |
| Título uniforme | Catálogo de la Biblioteca de Palacio ; |
| Designación de volumen o secuencia | 9 |
| 9 (RLIN) | 4972 |
| 910 ## - DATOS DE OPCIÓN DEL USUARIO (OCLC) | |
| Datos de opción del usuario | Catalogación derivada |
| Estado de retiro | Estado de pérdida | Restricciones de uso | No para préstamo | Código de colección | Localización permanente | Ubicación/localización actual | Ubicación en estantería | Fecha de adquisición | Número de inventario | Total de préstamos | Signatura topográfica completa | Código de barras | Fecha visto por última vez | Número de copia | Precio válido a partir de | Tipo de ítem Koha |
|---|---|---|---|---|---|---|---|---|---|---|---|---|---|---|---|---|
| Préstamo restringido | Préstamo restrigido | Monografías: Libros y Folletos | General | General | En catalogación | 22.09.2009 | LF1 | nnnn M294a | 1504-10 | 25.06.2020 | e. 1 | 25.06.2020 | No se presta |
